Religious U.S. State Mottos - Statistics

General Stats
  • This quiz has been taken 37 times
  • The average score is 4 of 6
Answer Stats
Motto State % Correct
Ditat Deus Arizona
83%
Nil sine numine Colorado
76%
In God we trust Florida
72%
With God, all things are possible Ohio
72%
Deo gratiam habeamus Kentucky
59%
Under God, the people rule South Dakota
38%
No matching quizzes found
Score Distribution
Percent of People with Each Score
Percentile by Number Answered
Your Score History
You have not taken this quiz